000 00247nam a2200109Ia 4500
008 200302s9999 xx 000 0 und d
100 _aCarles Broto
245 _aCity Embellishment Barcelona
260 _bPublisher
260 _c2010
300 _a283
999 _c6415
_d6415